Metódy zisťovania lojality zákazníkov
Dôležitosť merania zákazníckej lojality prostredníctvom najčastejšie využívaných metód v praxi.
Salvato in:
| Autore principale: | |
|---|---|
| Natura: | Capitolo di libro |
| Lingua: | slovacco |
| Soggetti: | |
| Tags: |
Nessun Tag, puoi essere il primo ad aggiungerne!!
|
MARC
| LEADER | 00000naa a2200000 4500 | ||
|---|---|---|---|
| 001 | 0250149 | ||
| 005 | 20240502074015.4 | ||
| 041 | 0 | |a slo | |
| 044 | |a SK | ||
| 245 | 1 | 0 | |a Metódy zisťovania lojality zákazníkov |c Katarína Súkeníková |
| 520 | |a Dôležitosť merania zákazníckej lojality prostredníctvom najčastejšie využívaných metód v praxi. | ||
| 610 | 2 | 0 | |a meranie |
| 610 | 2 | 0 | |a lojálnosť zákazníkov |
| 610 | 2 | 0 | |a výskum marketingový |
| 610 | 2 | 0 | |a rozhodovanie nákupné |
| 100 | 1 | |a Súkeníková, Katarína | |